| 000 | 00424nam a22001457a 4500 | ||
|---|---|---|---|
| 003 | OSt | ||
| 008 | 251212b |||||||| |||| 00| 0 eng d | ||
| 082 |
_a664.07 _bk79O |
||
| 100 | _aKohli, Deepika | ||
| 245 | _aQuality Evaluation of Millet-Tuber Based Ready-to-Cook Food Products | ||
| 260 |
_aPusa, Samastipur _bDRPCAU _c2024 |
||
| 300 | _a100 | ||
| 502 |
_aBibliography-108, Appendix-110 _bM.Sc.(F&N) _d2024 |
||
| 942 |
_2ddc _cT |
||
| 999 |
_c49419 _d49419 |
||